The group fixed by a family of injective endomorphisms of a free group
Αποθηκεύτηκε σε:
| Κύριος συγγραφέας: | |
|---|---|
| Άλλοι συγγραφείς: | |
| Μορφή: | Βιβλίο |
| Γλώσσα: | English |
| Δημοσίευση: |
Providence, R.I. :
American Mathematical Society,
c1996
|
| Σειρά: | Contemporary mathematics (American Mathematical Society) ;
; 195 |
| Θέματα: | |
| Ετικέτες: |
Προσθήκη ετικέτας
Δεν υπάρχουν, Καταχωρήστε ετικέτα πρώτοι!
|
MARC
| LEADER | 00000nam a2200000 i 4500 | ||
|---|---|---|---|
| 001 | 1/91098 | ||
| 008 | 991014s1996 eng d | ||
| 020 | |a 0-8218-0564-9 | ||
| 035 | |l 10053423 | ||
| 040 | |a GR-MY-UA |b gre |e aacr | ||
| 041 | 0 | |a eng | |
| 082 | 0 | |a 512.2 | |
| 100 | 1 | |a Dicks, Warren |d 1947- | |
| 245 | 1 | 4 | |a The group fixed by a family of injective endomorphisms of a free group / |c Warren Dicks, Enric Ventura |
| 260 | |a Providence, R.I. : |b American Mathematical Society, |c c1996 | ||
| 300 | |a ix, 81 p.; |b ill.; |c 26 cm. | ||
| 490 | 1 | |a Contemporary mathematics |v ; 195 | |
| 500 | |a Includes bibliographical references and index | ||
| 650 | 0 | 0 | |a Free metabelian groups. |
| 650 | 0 | 0 | |a Automorphisms. |
| 650 | 0 | 0 | |a Groupoids. |
| 700 | 1 | |a Ventura, Enric. | |
| 830 | 0 | |a Contemporary mathematics (American Mathematical Society) ; |v ; 195 | |
| 852 | |a INST |b SAMOS |e 19991014 |h 512.2 DIC |p 005300012358 |q 005300012358 |t BK |y 0 | ||
| 901 | |a BIBL3-1999-3 | ||
| 909 | |a Σ |b 063429 | ||
| 922 | |a 3ΕΛΗ |b 199907 |c ΕΠΕΑΕΚ/ΜΑΘ |d ΠΑΠΑΣΩΤΗΡΙΟΥ | ||
| 970 | |a ΠΟΥΡΝΑΡΑΣ |b ΔΗΜΗΤΡΗΣ |z 1999/10/14 | ||